00420nam a2200157Ia 450000500170000000800410001704000190005804100120007708200160008924500540010526000380015930000100019765000190020770000260022685000100025220230105140337.0131103s9999 xx 000 0 und d aLoreto College aEnglish a821.08bWRI aAustralian Poetry 1948cSelected by Judith Wright aSydneybAngus and Robertsonc1956 a82p.  aEnglish Poetry aWright, Judith; Secl. aLCLIB